| 000 | 00560nam a2200181 i 4500 | ||
|---|---|---|---|
| 001 | 92847 | ||
| 003 | ES-MaACL | ||
| 005 | 20230906181054.0 | ||
| 007 | t| | ||
| 008 | 050329s1974 sp ||||1| spa d | ||
| 100 | 1 |
_aLipsey, Richard G. _972516 |
|
| 245 | 1 | 0 |
_aIntroducción a la economía positiva / _cG. Richard Lipsey; traducción y nota preliminar de J. Hortalá Arau. |
| 250 | _a8ª ed. | ||
| 260 |
_aBarcelona : _bVicens-Vives, _c1974. |
||
| 300 |
_aXXVIII, 855 p. ; _c23 cm. |
||
| 700 | 1 |
_aHortalà i Arau, Joan. _9158761 |
|
| 852 |
_aES-MaACL _jC-56275 |
||
| 999 |
_c92847 _d92847 |
||